000 01347nam a2200349Ia 4500
001 ebr10660454
003 CaPaEBR
006 m u
007 cr cn|||||||||
008 081029s2009 nyuab sb 001 0 eng d
010 _z 2008047202
020 _z1606923935 (hardcover)
020 _z9781606923931 (hardcover)
020 _z9781608766628
040 _aCaPaEBR
_cCaPaEBR
035 _a(OCoLC)847652962
050 1 4 _aTL725
_b.A52 2009eb
082 0 4 _a387.7/36
_222
245 0 0 _aAirports
_h[electronic resource] :
_bperformance, risks, and problems /
_cPierre B. Larauge and Martin E. Castille, editors.
260 _aNew York :
_bNova Science Publishers,
_cc2009.
300 _ax, 220 p. :
_bill., maps.
504 _aIncludes bibliographical references and index.
533 _aElectronic reproduction.
_bPalo Alto, Calif. :
_cebrary,
_d2013.
_nAvailable via World Wide Web.
_nAccess may be limited to ebrary affiliated libraries.
650 0 _aAirports
_xDesign and construction.
650 0 _aAirport capacity.
650 0 _aAirports
_xPlanning.
655 7 _aElectronic books.
_2local
700 1 _aLarauge, Pierre B.
700 1 _aCastille, Martin E.
710 2 _aebrary, Inc.
856 4 0 _uhttp://site.ebrary.com/lib/rucke/Doc?id=10660454
_zAn electronic book accessible through the World Wide Web; click to view
999 _c67789
_d67789